000 00722nam a22001937a 4500
999 _c62156
_d62156
005 20240724143731.0
008 240724s1991 ge ||||| |||| 00| 0 ger d
020 _a9783423033411 X 342303341X
041 _ager
080 _a821.112.2.09B-78
100 _aBorries, Ernst
_922933
245 _aDeutsche Literaturgeschichte:
_b Band. 1: Mittelalter, Humanismus, Reformationszeit, Barock /
_cErnst Borries, Erika Borries,
264 _aMünchen:
_bDeutscher Taschenbuch Verlag,
_c1991.
300 _a431p.:
_b20 cm.
653 _aDeutsche Literaturgeschichte
653 _aგერმანული ლიტერატურის ისტორია
700 _aBorries, Erika
_922934
942 _2udc
_cBK